The nature of the kingdom: (Record no. 7414)

000 -LEADER
fixed length control field 00867nam a2200229 a 4500
001 - CONTROL NUMBER
control field :::00005175$&:&@@
003 - CONTROL NUMBER IDENTIFIER
control field OkBaRHE
005 - DATE AND TIME OF LATEST TRANSACTION
control field 20000607103323.0
008 - FIXED-LENGTH DATA ELEMENTS--GENERAL INFORMATION
fixed length control field s1986 j 000 0 eng u
040 ## - CATALOGING SOURCE
Transcribing agency
100 1# - MAIN ENTRY--PERSONAL NAME
Personal name Wesley, John, 1703-1791.
245 14 - TITLE STATEMENT
Title The nature of the kingdom:
Remainder of title Wesley's messages on the Sermon on the mount.
Statement of responsibility, etc Edited and updated by Clare G. Weakley, Jr.
260 ## - PUBLICATION, DISTRIBUTION, ETC. (IMPRINT)
Place of publication, distribution, etc Minneapolis, MN., :
Name of publisher, distributor, etc Bethany House Publishers
Date of publication, distribution, etc 1986
300 ## - PHYSICAL DESCRIPTION
Extent 287 p. ;
Dimensions 21 cm.
490 0# - SERIES STATEMENT
Series statement The Wesley library for today's readers.
650 ## - SUBJECT ADDED ENTRY--TOPICAL TERM
Topical term or geographic name as entry element Sermon on the Mount
General subdivision Early Works to 1800
700 ## - ADDED ENTRY--PERSONAL NAME
Personal name Weakley, Clare G., Ed.
700 ## - ADDED ENTRY--PERSONAL NAME
Personal name Wesley, John, 1703-1791. Sermons on several occasions.
730 ## - ADDED ENTRY--UNIFORM TITLE
Uniform title Happiness unlimited.
942 ## - ADDED ENTRY ELEMENTS (KOHA)
Source of classification or shelving scheme
Koha item type Books
Copies
Lost status Not for loan Copy number Source of classification or shelving scheme Full call number Koha item type Barcode Shelving location Date acquired Price effective from Damaged status Date last seen Withdrawn status Permanent Location
  1 BT 380 .W42Books5175General Stacks2010-04-142010-04-14 2010-04-14 RHEMA Bible Training College